000 00272 a2200145 4500
001 164558
020 _a
040 _cMagnum
100 _a-
240 1 0 _aPinoquio/dcl
_lpor
245 1 0 _aPinoquio/dcl
362 0 _a1899
697 _aI/FADAS, FANTASIA
942 _cBK
999 _c164558
_d164558